000 00547nam a2200217Ia 4500
003 OSt
005 20220928145133.0
006 a|||||r|||| 00| 0
007 ta
008 220927b |||||||| |||| 00| 0 eng d
024 _a79108
037 _cTextual
040 _aSDCL
_cSDCL
_beng
041 _2eng
_aeng
082 _aY:1.58'N6, M4
100 _aBasu Sankar
_9511877
245 0 _aCulture and civilization of the U S S R.
260 _c1984
942 _hY:1.58'N6, M4
_cTEXL
_2CC
999 _c832240
_d832240